| 000 | 00914cam a2200277 a 4500 | ||
|---|---|---|---|
| 003 | EG-GiCUC | ||
| 008 | 080812s198u miu f 000 0 eng | ||
| 040 |
_aDLC _c DLC _d DLC |
||
| 092 | 0 | 4 |
_a624.1834 _bR367 _221 |
| 099 |
_a04 _a624.1834 R367 |
||
| 245 | 1 | 0 |
_aReinforced concrete design handbook: _bof the American Concrete Institute/ _cA.J.Boase Author-chairman |
| 260 |
_aDetroit: _bAmerican Concrete Institute, _c[198-] |
||
| 300 |
_a132; _c24cm |
||
| 490 | 1 | _aA Meet the world book | |
| 650 | 0 | _aConcrete | |
| 650 | 0 | _aConcrete construction | |
| 650 | 0 |
_aReinforced concrete _xTesting |
|
| 700 | 1 |
_aBoase, A. J. _q(Arthur James) |
|
| 710 | 2 | _aAmerican Concrete Institute. | |
| 800 | 1 |
_aGunther, John, _d1901-1970. _tMeet the world books. |
|
| 902 | _a1 | ||
| 905 |
_aJamal _eCat. |
||
| 905 |
_aReda _eRev |
||
| 942 |
_2ddc _cBK |
||
| 999 |
_c107990 _d107990 |
||